[Event "2nd Sigeman Wernbro & Co"]
[Site "Malmo SWE"]
[Date "1994.06.??"]
[Round "1"]
[White "Ahlander, Bjorn"]
[Black "Almasi, Zoltan"]
[Result "1/2-1/2"]
[WhiteElo "2415"]
[BlackElo "2610"]
[EventDate "1994.06.??"]
[PlyCount "70"]

1.d4 Nf6 2.c4 e6 3.Nc3 Bb4 4.Qc2 O-O 5.a3 Bxc3+ 6.Qxc3 b6 7.Bg5 Bb7 8.f3 
h6 9.Bh4 d5 10.e3 Nbd7 11.cxd5 Nxd5 12.Bxd8 Nxc3 13.Bh4 Nd5 14.Bf2 f5 15.
Bb5 c6 16.Ba4 e5 17.Ne2 Rae8 18.O-O-O e4 19.Nc3 Nxc3 20.bxc3 b5 21.Bb3+ 
Kh8 22.fxe4 Rxe4 23.Bc2 Ree8 24.Rhf1 c5 25.Bg3 cxd4 26.Rxd4 Bxg2 27.Rxf5 
Rxf5 28.Bxf5 Nc5 29.Bg6 Nb3+ 30.Kb2 Nxd4 31.Bxe8 Nc6 32.c4 bxc4 33.Kc3 Bd5
34.Bxc6 Bxc6 35.Kxc4 Kg8 1/2-1/2

[Event "2nd Sigeman Wernbro & Co"]
[Site "Malmo SWE"]
[Date "1994.06.??"]
[Round "1"]
[White "Epishin, Vladimir"]
[Black "Hansen, Curt"]
[Result "1/2-1/2"]
[WhiteElo "2675"]
[BlackElo "2580"]
[EventDate "1994.06.??"]
[PlyCount "71"]

1.d4 Nf6 2.c4 e6 3.Nf3 d5 4.Nc3 Be7 5.Bg5 O-O 6.e3 h6 7.Bh4 Ne4 8.Bxe7 
Qxe7 9.Rc1 c6 10.Bd3 Nxc3 11.Rxc3 dxc4 12.Bxc4 Nd7 13.O-O b6 14.Qd3 Rd8 
15.Rfc1 Bb7 16.Qe4 Rac8 17.Bb3 Ba8 18.Qf4 c5 19.R3c2 b5 20.dxc5 Bxf3 21.
Qxf3 Nxc5 22.Qe2 a6 23.g3 Qd6 24.Rc3 Nxb3 25.axb3 Rxc3 26.bxc3 Qc5 27.c4 
a5 28.Ra1 a4 29.bxa4 bxc4 30.a5 c3 31.a6 Rd7 32.Rc1 Rd2 33.Qe1 Qa5 34.Rxc3
Qxc3 35.a7 Qa5 36.Qxd2 1/2-1/2

[Event "2nd Sigeman Wernbro & Co"]
[Site "Malmo SWE"]
[Date "1994.06.??"]
[Round "1"]
[White "Hellers, Ferdinand"]
[Black "Sjoberg, Mats"]
[Result "1-0"]
[WhiteElo "2560"]
[BlackElo "2460"]
[EventDate "1994.06.??"]
[PlyCount "35"]

1.e4 c5 2.Nf3 e6 3.d4 cxd4 4.Nxd4 a6 5.Bd3 Bc5 6.Nb3 Ba7 7.O-O Nc6 8.Qg4 
Nf6 9.Qxg7 Rg8 10.Qh6 Ne5 11.Be2 d5 12.Nc3 dxe4 13.Bg5 Rg6 14.Qh4 Bd7 15.
Nxe4 Bc6 16.Bxf6 Qd5 17.Bxe5 Qxe5 18.Bf3 1-0

[Event "2nd Sigeman Wernbro & Co"]
[Site "Malmo SWE"]
[Date "1994.06.??"]
[Round "1"]
[White "Krasenkov, Mikhail"]
[Black "Brynell, Stellan"]
[Result "1-0"]
[WhiteElo "2565"]
[BlackElo "2485"]
[EventDate "1994.06.??"]
[PlyCount "59"]

1.d4 e6 2.c4 Nf6 3.Nf3 b6 4.a3 c5 5.d5 Ba6 6.Qc2 exd5 7.cxd5 g6 8.Bf4 d6 
9.Nbd2 Bg7 10.e4 Bxf1 11.Kxf1 O-O 12.Nc4 Ne8 13.Qb3 Qe7 14.Re1 Nd7 15.h4 
Ne5 16.Bxe5 Bxe5 17.h5 Bg7 18.e5 Rd8 19.hxg6 fxg6 20.exd6 Qf6 21.Re6 Qf5 
22.Qd1 Bd4 23.Re7 Ng7 24.Qd2 Nh5 25.Nxd4 cxd4 26.Kg1 Qxd5 27.Qh6 Rf7 28.
Ne5 Rxe7 29.dxe7 Rc8 30.Rxh5 1-0

[Event "2nd Sigeman Wernbro & Co"]
[Site "Malmo SWE"]
[Date "1994.06.??"]
[Round "2"]
[White "Almasi, Zoltan"]
[Black "Krasenkov, Mikhail"]
[Result "1-0"]
[WhiteElo "2610"]
[BlackElo "2565"]
[EventDate "1994.06.??"]
[PlyCount "85"]

1.e4 c5 2.Nf3 e6 3.d4 cxd4 4.Nxd4 Nf6 5.Nc3 Nc6 6.Ndb5 d6 7.Bf4 e5 8.Bg5 
a6 9.Na3 b5 10.Bxf6 gxf6 11.Nd5 f5 12.Bd3 Be6 13.O-O Bxd5 14.exd5 Ne7 15.
c3 Bg7 16.Qh5 e4 17.Bc2 Qc8 18.Rae1 O-O 19.Kh1 Ng6 20.Bb1 Re8 21.f4 exf3 
22.Qxf3 Rxe1 23.Rxe1 f4 24.Nc2 a5 25.Rd1 Qc5 26.Nd4 b4 27.Nf5 bxc3 28.bxc3
Rb8 29.h4 Qxc3 30.Qxc3 Bxc3 31.Nxd6 Nxh4 32.Ne4 Bb4 33.d6 Ng6 34.Bc2 Rd8 
35.d7 Ne5 36.Rd5 Nc4 37.Bb3 Ne3 38.Re5 Kf8 39.Nf6 Be7 40.Nxh7+ Kg7 41.Rxe7
Kxh7 42.Ba4 Rb8 43.Rxf7+ 1-0

[Event "2nd Sigeman Wernbro & Co"]
[Site "Malmo SWE"]
[Date "1994.06.??"]
[Round "2"]
[White "Hellsten, Johan"]
[Black "Hellers, Ferdinand"]
[Result "0-1"]
[WhiteElo "2325"]
[BlackElo "2560"]
[EventDate "1994.06.??"]
[PlyCount "66"]

1.e4 c5 2.Nf3 d6 3.d4 cxd4 4.Nxd4 Nf6 5.Nc3 Nc6 6.Be2 e5 7.Nf3 h6 8.O-O 
Be7 9.Re1 O-O 10.h3 Be6 11.Bf1 Nb8 12.a4 Nbd7 13.a5 a6 14.Nd5 Nxd5 15.exd5
Bf5 16.c4 Re8 17.Bd3 Bxd3 18.Qxd3 Nc5 19.Qa3 e4 20.b4 Bf6 21.bxc5 Bxa1 22.
Nd2 Be5 23.Nxe4 dxc5 24.Bd2 f5 25.Ng3 Qf6 26.Rb1 Qf7 27.Qxc5 Rac8 28.Qa7 
Rxc4 29.Rxb7 Qxd5 30.Qxa6 Rc2 31.Bxh6 Rc6 32.Rb6 Rxb6 33.Qxb6 Re6 0-1

[Event "2nd Sigeman Wernbro & Co"]
[Site "Malmo SWE"]
[Date "1994.06.??"]
[Round "2"]
[White "Sjoberg, Mats"]
[Black "Epishin, Vladimir"]
[Result "0-1"]
[WhiteElo "2460"]
[BlackElo "2675"]
[EventDate "1994.06.??"]
[PlyCount "48"]

1.d4 Nf6 2.c4 e6 3.Nf3 b6 4.g3 Ba6 5.b3 Bb7 6.Bg2 Bb4+ 7.Bd2 a5 8.O-O O-O 
9.a3 Be7 10.Nc3 d5 11.Qc2 Na6 12.cxd5 exd5 13.Ne5 c5 14.Nb5 Qe8 15.a4 cxd4
16.Nxd4 Ne4 17.Nef3 Bf6 18.Be3 Rc8 19.Qb2 Qe7 20.Bh3 Rc3 21.Nf5 Qb4 22.Bd4
Nac5 23.Bxc3 Nxc3 24.Qc2 d4 0-1

[Event "2nd Sigeman Wernbro & Co"]
[Site "Malmo SWE"]
[Date "1994.06.??"]
[Round "3"]
[White "Ahlander, Bjorn"]
[Black "Sjoberg, Mats"]
[Result "1-0"]
[WhiteElo "2415"]
[BlackElo "2460"]
[EventDate "1994.06.??"]
[PlyCount "93"]

1.d4 Nf6 2.c4 e6 3.Nf3 b6 4.a3 Ba6 5.Qc2 Bb7 6.Nc3 c5 7.e4 cxd4 8.Nxd4 Bc5
9.Nb3 Be7 10.Bf4 Nh5 11.Be3 d6 12.O-O-O Nd7 13.g4 Nhf6 14.g5 Ng4 15.Bf4 
Nge5 16.Nb5 Qb8 17.Bg3 a6 18.N5d4 Nc5 19.Re1 O-O 20.f4 Ned7 21.h4 b5 22.g6
f5 23.h5 h6 24.Bh3 bxc4 25.Nd2 Bf6 26.e5 dxe5 27.fxe5 Bg5 28.Kb1 Bxd2 29.
Qxd2 Ne4 30.Qe3 c3 31.Rh2 Bd5 32.Bf4 Nd2+ 33.Rxd2 cxd2 34.Qxd2 Nc5 35.Nxf5
Be4+ 36.Rxe4 Nxe4 37.Nxh6+ Kh8 38.Qe3 gxh6 39.Qxe4 Rxf4 40.Qxf4 Qf8 41.
Qf6+ Qg7 42.Bxe6 a5 43.b3 a4 44.b4 Re8 45.Bd5 Rf8 46.Bf7 Rc8 47.Qd6 1-0

[Event "2nd Sigeman Wernbro & Co"]
[Site "Malmo SWE"]
[Date "1994.06.??"]
[Round "3"]
[White "Brynell, Stellan"]
[Black "Almasi, Zoltan"]
[Result "0-1"]
[WhiteElo "2485"]
[BlackElo "2610"]
[EventDate "1994.06.??"]
[PlyCount "46"]

1.e4 e5 2.Nf3 Nc6 3.Bb5 a6 4.Bxc6 dxc6 5.O-O Qd6 6.Na3 Be6 7.Qe2 f6 8.Rd1 
O-O-O 9.d4 Bg4 10.Be3 Qe6 11.Nc4 exd4 12.Bxd4 Ne7 13.Be3 Re8 14.Ncd2 f5 
15.Re1 Ng6 16.exf5 Qxf5 17.Qc4 Bd6 18.Nd4 Qh5 19.Nf1 c5 20.Nb3 Ne5 21.Qc3 
Nf3+ 22.gxf3 Bxf3 23.Nbd2 Bxh2+ 0-1

[Event "2nd Sigeman Wernbro & Co"]
[Site "Malmo SWE"]
[Date "1994.06.??"]
[Round "3"]
[White "Epishin, Vladimir"]
[Black "Hellsten, Johan"]
[Result "1-0"]
[WhiteElo "2675"]
[BlackElo "2325"]
[EventDate "1994.06.??"]
[PlyCount "115"]

1.d4 d5 2.c4 c6 3.Nc3 Nf6 4.e3 g6 5.Nf3 Bg7 6.Be2 O-O 7.O-O Ne4 8.Qc2 Nxc3
9.bxc3 b6 10.a4 dxc4 11.Bxc4 Ba6 12.Bxa6 Nxa6 13.Ba3 c5 14.Rfd1 Qc7 15.Qe2
Qb7 16.Rab1 Rfc8 17.a5 Rab8 18.axb6 axb6 19.c4 e6 20.h4 Qe4 21.Qa2 cxd4 
22.exd4 Qc6 23.Rdc1 Qa4 24.Qb3 Qxb3 25.Rxb3 Rc6 26.Kf1 Rbc8 27.Ke2 Nb8 28.
Kd3 Nd7 29.Rb5 Rd8 30.Be7 Re8 31.Bg5 e5 32.dxe5 Nxe5+ 33.Nxe5 Bxe5 34.Be3 
Rd8+ 35.Ke4 Bc7 36.g4 Re6+ 37.Kf3 Rc6 38.h5 Ra8 39.Rd5 Bd6 40.Rcd1 Bc7 41.
R1d4 Re6 42.Rd7 Rc8 43.Bg5 Ree8 44.h6 Kf8 45.R4d5 Re6 46.Rd1 Rc6 47.Re1 
Re8 48.Be7+ Kg8 49.Re4 Rc8 50.g5 Ra8 51.Bb4 Rc8 52.Ke2 Bh2 53.Kd3 R6c7 54.
Rd5 Bg1 55.Bd6 Rd7 56.Bg3 Rxd5+ 57.cxd5 Kf8 58.Re1 1-0

[Event "2nd Sigeman Wernbro & Co"]
[Site "Malmo SWE"]
[Date "1994.06.??"]
[Round "4"]
[White "Hansen, Curt"]
[Black "Brynell, Stellan"]
[Result "1-0"]
[WhiteElo "2580"]
[BlackElo "2485"]
[EventDate "1994.06.??"]
[PlyCount "121"]

1.c4 c5 2.Nf3 Nf6 3.Nc3 Nc6 4.e3 e6 5.d4 d5 6.cxd5 exd5 7.Be2 Be7 8.O-O 
O-O 9.b3 Be6 10.Bb2 Rc8 11.Rc1 cxd4 12.Nxd4 Nxd4 13.Qxd4 Bc5 14.Qd3 Qe7 
15.Bf3 Rfd8 16.Nb5 a6 17.Nd4 Ba3 18.Qb1 Bxb2 19.Qxb2 Qd7 20.h3 Rxc1 21.
Rxc1 Rc8 22.Rc3 h6 23.a4 a5 24.Be2 Rxc3 25.Qxc3 b6 26.Bd3 Qc8 27.Qb2 Qc5 
28.Bf5 Bd7 29.Bxd7 Nxd7 30.Nf5 f6 31.Qd2 Kf7 32.e4 g6 33.Nxh6+ Ke6 34.
exd5+ Qxd5 35.Qe2+ Kd6 36.Qe8 Kc5 37.Ng4 Qd1+ 38.Kh2 Kb4 39.Qxg6 Kxb3 40.
Ne3 Qd6+ 41.g3 Ne5 42.Qc2+ Kb4 43.Qe4+ Kb3 44.Qc2+ Kb4 45.Qe4+ Kb3 46.h4 
Qd2 47.Kg2 Qe2 48.Qf5 b5 49.axb5 Qxb5 50.Qc2+ Kb4 51.Qe4+ Kb3 52.h5 Qc6 
53.Nd5 Nf7 54.Qd3+ Kb2 55.Qd2+ Kb3 56.Qxa5 Kc4 57.Qc7 Kxd5 58.Qxf7+ Ke5+ 
59.Kg1 Qc3 60.Qg6 Qc1+ 61.Kg2 1-0

[Event "2nd Sigeman Wernbro & Co"]
[Site "Malmo SWE"]
[Date "1994.06.??"]
[Round "4"]
[White "Hellers, Ferdinand"]
[Black "Epishin, Vladimir"]
[Result "1-0"]
[WhiteElo "2560"]
[BlackElo "2675"]
[EventDate "1994.06.??"]
[PlyCount "117"]

1.e4 c6 2.d4 d5 3.e5 Bf5 4.Be2 e6 5.Nf3 c5 6.O-O Nc6 7.c3 cxd4 8.cxd4 Nge7
9.Nc3 Nc8 10.Be3 Nb6 11.Na4 Be7 12.Rc1 Nxa4 13.Qxa4 O-O 14.a3 a6 15.b4 a5 
16.b5 Nb8 17.Rc3 Nd7 18.Rfc1 Nb6 19.Qd1 a4 20.Nd2 Qb8 21.Qf1 Bg6 22.f4 f6 
23.Bg4 f5 24.Be2 Rc8 25.Rc5 Qa7 26.R1c2 Be8 27.Qc1 Bd7 28.Qb2 Qa5 29.Kf2 
Kf8 30.h3 Ke8 31.Qb1 Kd8 32.g4 g6 33.Qb2 Be8 34.Qc1 Bxc5 35.dxc5 Bxb5 36.
cxb6 Bxe2 37.Kxe2 Qb5+ 38.Kf2 Rxc2 39.Qxc2 Rc8 40.Qd1 Rc3 41.Bd4 Rc6 42.
Nf3 Kd7 43.Qd2 Rc4 44.Kg3 Qb3 45.Qa5 Kc6 46.Bf2 fxg4 47.hxg4 Qxa3 48.Qa8 
Kb5 49.Qxb7 Rc3 50.Qd7+ Kc4 51.Kg2 Rxf3 52.Qc6+ Kd3 53.Kxf3 Qb3 54.b7 a3 
55.b8=Q Qxb8 56.Qa6+ Kc2 57.Qxa3 Qb7 58.Qc5+ Kd3 59.Qb6 1-0

[Event "2nd Sigeman Wernbro & Co"]
[Site "Malmo SWE"]
[Date "1994.06.??"]
[Round "4"]
[White "Hellsten, Johan"]
[Black "Ahlander, Bjorn"]
[Result "1-0"]
[WhiteElo "2325"]
[BlackElo "2415"]
[EventDate "1994.06.??"]
[PlyCount "105"]

1.e4 c5 2.Nf3 e6 3.d4 cxd4 4.Nxd4 Nf6 5.Nc3 d6 6.Be2 Be7 7.O-O a6 8.f4 O-O
9.a4 Nc6 10.Be3 Qc7 11.Qe1 Nxd4 12.Bxd4 e5 13.Be3 exf4 14.Bxf4 Be6 15.Qg3 
Kh8 16.Rad1 Rad8 17.Kh1 Qc5 18.Be3 Qe5 19.Bf4 Qc5 20.e5 dxe5 21.Bxe5 Rxd1 
22.Rxd1 Rd8 23.Rxd8+ Bxd8 24.Bf3 Bb6 25.Qe1 Nd7 26.Bg3 Ba5 27.h3 h6 28.Qe4
Bb6 29.Ne2 Bc4 30.Qe8+ Kh7 31.Qxd7 Qe3 32.Qf5+ g6 33.Qf4 Qc5 34.Qc1 Qe7 
35.Nc3 Bd4 36.Ne4 b5 37.axb5 axb5 38.c3 Bg7 39.Qe1 b4 40.Nd6 Be6 41.cxb4 
Bxb2 42.b5 Bd4 43.Bd5 Qd7 44.Bxe6 fxe6 45.Be5 Bc5 46.Ne4 Qxb5 47.Nxc5 Qxc5
48.Bc3 Qf8 49.Qxe6 Qf1+ 50.Kh2 Qf4+ 51.Kg1 Qc1+ 52.Qe1 Qg5 53.Qe5 1-0

[Event "2nd Sigeman Wernbro & Co"]
[Site "Malmo SWE"]
[Date "1994.06.??"]
[Round "5"]
[White "Almasi, Zoltan"]
[Black "Hansen, Curt"]
[Result "1/2-1/2"]
[WhiteElo "2610"]
[BlackElo "2580"]
[EventDate "1994.06.??"]
[PlyCount "67"]

1.e4 d6 2.d4 Nf6 3.Nc3 g6 4.f4 Bg7 5.Nf3 O-O 6.Bd3 Nc6 7.O-O e5 8.fxe5 
dxe5 9.d5 Ne7 10.Nxe5 c6 11.Bg5 cxd5 12.Kh1 Qd6 13.Nf3 dxe4 14.Nxe4 Nxe4 
15.Bxe4 Qc7 16.c3 Be6 17.Nd4 Bc4 18.Re1 Nc6 19.Nxc6 bxc6 20.Qa4 Bb5 21.Qb4
Rfe8 22.Bf3 h6 23.Be3 a5 24.Qh4 g5 25.Qf2 Re6 26.Bb6 Rxe1+ 27.Rxe1 Qd7 28.
Be4 a4 29.Bf5 Qd5 30.Bb1 Bc4 31.Be4 Qd7 32.Bf5 Qd5 33.Be4 Qd7 34.Bf5 
1/2-1/2

[Event "2nd Sigeman Wernbro & Co"]
[Site "Malmo SWE"]
[Date "1994.06.??"]
[Round "5"]
[White "Brynell, Stellan"]
[Black "Sjoberg, Mats"]
[Result "1/2-1/2"]
[WhiteElo "2485"]
[BlackElo "2460"]
[EventDate "1994.06.??"]
[PlyCount "37"]

1.e4 c5 2.Nf3 e6 3.c3 Nf6 4.e5 Nd5 5.Bc4 d6 6.O-O Be7 7.d4 cxd4 8.cxd4 O-O
9.Qe2 Bd7 10.Nbd2 Bc6 11.Ne4 dxe5 12.dxe5 Nd7 13.Bg5 Nc5 14.Bxe7 Qxe7 15.
Nd4 Nf4 16.Qe3 Bxe4 17.Qxf4 Bd3 18.Bxd3 Nxd3 19.Qe3 1/2-1/2

[Event "2nd Sigeman Wernbro & Co"]
[Site "Malmo SWE"]
[Date "1994.06.??"]
[Round "5"]
[White "Krasenkov, Mikhail"]
[Black "Hellsten, Johan"]
[Result "1-0"]
[WhiteElo "2565"]
[BlackElo "2325"]
[EventDate "1994.06.??"]
[PlyCount "103"]

1.d4 d5 2.c4 c6 3.Nf3 Nf6 4.Qc2 Bg4 5.Nc3 e6 6.Bg5 Be7 7.e3 Bf5 8.Qb3 Qb6 
9.c5 Qc7 10.Nh4 Bg6 11.Nxg6 hxg6 12.Bf4 Qc8 13.Be2 Nbd7 14.g4 Bd8 15.h4 
Bc7 16.Bxc7 Qxc7 17.f4 g5 18.fxg5 Nxg4 19.Bxg4 Qg3+ 20.Kd2 Qxg4 21.Rag1 
Qf3 22.Rf1 Qg2+ 23.Ne2 O-O-O 24.Rhg1 Qh2 25.Rxf7 Qxh4 26.Rxg7 Rhg8 27.Rxg8
Rxg8 28.Qd1 Rxg5 29.Rh1 Qf2 30.Rh8+ Kc7 31.Qe1 Qxe1+ 32.Kxe1 e5 33.b4 b6 
34.Rh7 bxc5 35.bxc5 Kc8 36.a4 a6 37.a5 Rf5 38.Nc3 exd4 39.exd4 Rf4 40.Na4 
Rxd4 41.Nb6+ Nxb6 42.axb6 Kb8 43.Rc7 Re4+ 44.Kd2 Re6 45.Kc3 Rh6 46.Kb4 
Rh4+ 47.Ka5 Rc4 48.Rxc6 d4 49.Kxa6 d3 50.Rh6 Rxc5 51.b7 Rc6+ 52.Rxc6 1-0

[Event "2nd Sigeman Wernbro & Co"]
[Site "Malmo SWE"]
[Date "1994.06.??"]
[Round "6"]
[White "Epishin, Vladimir"]
[Black "Ahlander, Bjorn"]
[Result "1-0"]
[WhiteElo "2675"]
[BlackElo "2415"]
[EventDate "1994.06.??"]
[PlyCount "107"]

1.e4 c5 2.Nc3 e6 3.Nf3 d6 4.d4 cxd4 5.Qxd4 a6 6.Bg5 Nc6 7.Qd2 Nf6 8.O-O-O 
Be7 9.Kb1 O-O 10.h4 b5 11.Bd3 Bb7 12.h5 Rc8 13.h6 g6 14.Qf4 Nd7 15.Bxe7 
Qxe7 16.Be2 e5 17.Qd2 Nf6 18.Qxd6 b4 19.Qxe7 Nxe7 20.Nd5 Nexd5 21.exd5 
Bxd5 22.Nxe5 Bxg2 23.Rhe1 a5 24.Bc4 Rc7 25.f4 Re8 26.b3 Kf8 27.Kb2 Bh3 28.
a3 Nh5 29.axb4 axb4 30.Nd3 Rb8 31.Nf2 Bf5 32.Rd4 Nf6 33.Bd3 Rc5 34.Re5 
Rxe5 35.fxe5 Ng8 36.Bxf5 gxf5 37.Rd6 f4 38.Rd4 Ke7 39.Rxf4 Nxh6 40.Nd3 Rb5
41.Rh4 Rb6 42.Nxb4 Nf5 43.Nd5+ Ke6 44.Rh5 Rb8 45.c4 h6 46.b4 Rg8 47.b5 Rg3
48.b6 Rg8 49.Rxf5 Rg2+ 50.Kc3 Rg3+ 51.Ne3 Rxe3+ 52.Kd4 Rb3 53.Rf6+ Ke7 54.
Rxh6 1-0

[Event "2nd Sigeman Wernbro & Co"]
[Site "Malmo SWE"]
[Date "1994.06.??"]
[Round "6"]
[White "Hellers, Ferdinand"]
[Black "Krasenkov, Mikhail"]
[Result "1-0"]
[WhiteElo "2560"]
[BlackElo "2565"]
[EventDate "1994.06.??"]
[PlyCount "103"]

1.e4 c5 2.Nf3 Nc6 3.d4 cxd4 4.Nxd4 Nf6 5.Nc3 e5 6.Ndb5 d6 7.Bg5 a6 8.Na3 
b5 9.Bxf6 gxf6 10.Nd5 f5 11.c3 Bg7 12.exf5 Bxf5 13.Nc2 Be6 14.Nce3 Ne7 15.
g3 Nxd5 16.Nxd5 O-O 17.Bg2 f5 18.O-O a5 19.Qh5 Ra7 20.Rad1 Kh8 21.Rd2 Bf7 
22.Qe2 Qb8 23.Rfd1 Bg6 24.f4 b4 25.c4 b3 26.a3 Rc8 27.Kh1 Rf7 28.Nc3 exf4 
29.Nb5 Re8 30.Qf1 d5 31.Rxd5 Rfe7 32.Nd6 Rf8 33.gxf4 Bxb2 34.Rb5 Qa7 35.
Rxb3 Bg7 36.Rd5 a4 37.Rbd3 h6 38.c5 Qa5 39.c6 Qe1 40.Rd1 Qe6 41.Rc1 Bb2 
42.Rc2 Bxa3 43.Nb5 Bb4 44.c7 Qc8 45.Na7 Rxc7 46.Nxc8 Rxc2 47.Qa1+ Kg8 48.
Rd7 Bf7 49.Ne7+ Bxe7 50.Rxe7 Rd8 51.h3 Rd6 52.Ra7 1-0

[Event "2nd Sigeman Wernbro & Co"]
[Site "Malmo SWE"]
[Date "1994.06.??"]
[Round "6"]
[White "Hellsten, Johan"]
[Black "Brynell, Stellan"]
[Result "1/2-1/2"]
[WhiteElo "2325"]
[BlackElo "2485"]
[EventDate "1994.06.??"]
[PlyCount "178"]

1.e4 e6 2.d4 d5 3.Nc3 Nf6 4.Bg5 Bb4 5.exd5 Qxd5 6.Nf3 Ne4 7.Bd2 Bxc3 8.
Bxc3 Nxc3 9.bxc3 Nd7 10.Bd3 c5 11.O-O O-O 12.Re1 cxd4 13.cxd4 Nf6 14.Ne5 
Rd8 15.c3 Bd7 16.Ng4 Qg5 17.Nxf6+ Qxf6 18.Qb1 g6 19.Qxb7 Rac8 20.Qb2 Bc6 
21.Bf1 Bd5 22.Qa3 Rc7 23.Rab1 Rdc8 24.Re3 h5 25.Rb4 Kg7 26.Qb2 h4 27.h3 
Qf4 28.a4 Qd6 29.a5 Bc4 30.Bxc4 Rxc4 31.Rb7 R8c7 32.Rb8 Ra4 33.d5 e5 34.
Ra8 Re7 35.Qb8 Qxb8 36.Rxb8 Rxa5 37.c4 Rc5 38.Rc3 Rd7 39.Rbb3 f5 40.Kf1 
Kf6 41.Ke2 e4 42.Ke3 Ke5 43.Rb8 Rdxd5 44.Rb7 f4+ 45.Ke2 Rd4 46.Re7+ Kf6 
47.Rxa7 Rdxc4 48.Rxc4 Rxc4 49.Ra6+ Kg5 50.Ra5+ Kh6 51.Ra3 Rb4 52.Rc3 Kh5 
53.Rc5+ Kh6 54.Rc3 Rb2+ 55.Ke1 Rb1+ 56.Ke2 Rb4 57.Ra3 Rd4 58.Rb3 Ra4 59.
Rc3 Kg7 60.Rc7+ Kf6 61.Rc6+ Kg5 62.Rc5+ Kh6 63.Rc2 Kh5 64.Rc5+ g5 65.Re5 
Kg6 66.Re8 Kf7 67.Re5 Kf6 68.Re8 Rb4 69.Kd2 Kf7 70.Re5 Kg6 71.Re8 Rd4+ 72.
Ke2 Rc4 73.Kd2 Ra4 74.Ke2 Kg7 75.Re5 Kf6 76.Re8 Kf5 77.Rf8+ Ke6 78.Re8+ 
Kd6 79.Kd2 Rd4+ 80.Ke2 Rb4 81.Kd2 Ra4 82.Ke2 Kd5 83.Rg8 Kd4 84.Rxg5 Ra2+ 
85.Ke1 Ra3 86.Rf5 Ra1+ 87.Ke2 Ra2+ 88.Ke1 Ra8 89.Ke2 Ra2+ 1/2-1/2

[Event "2nd Sigeman Wernbro & Co"]
[Site "Malmo SWE"]
[Date "1994.06.??"]
[Round "7"]
[White "Almasi, Zoltan"]
[Black "Hellsten, Johan"]
[Result "1-0"]
[WhiteElo "2610"]
[BlackElo "2325"]
[EventDate "1994.06.??"]
[PlyCount "87"]

1.e4 e5 2.Nf3 Nf6 3.d4 Nxe4 4.Bd3 d5 5.Nxe5 Nd7 6.Nxd7 Bxd7 7.O-O Qh4 8.c4
O-O-O 9.c5 g5 10.f3 Nf6 11.Be3 g4 12.g3 Qh5 13.f4 Bg7 14.Nc3 Rhe8 15.Re1 
Ng8 16.Qd2 Ne7 17.Bf2 Nc6 18.Bf1 Bf5 19.Rxe8 Rxe8 20.Bg2 Rd8 21.Rd1 Bg6 
22.a3 Qf5 23.b4 a6 24.Qe2 h5 25.Rd2 Qe6 26.Qd1 Qe8 27.Bxd5 Qh8 28.Bxc6 
bxc6 29.a4 Qe8 30.Qf1 Kb7 31.b5 Be4 32.bxa6+ Ka7 33.Re2 f5 34.Nxe4 fxe4 
35.Qb1 Rb8 36.Qxe4 Qd7 37.Qe6 Rd8 38.Qxd7 Rxd7 39.Re6 Kxa6 40.Rxc6+ Ka5 
41.d5 Kxa4 42.Rg6 Kb5 43.Rg5 Kc4 44.c6 1-0

[Event "2nd Sigeman Wernbro & Co"]
[Site "Malmo SWE"]
[Date "1994.06.??"]
[Round "7"]
[White "Hansen, Curt"]
[Black "Sjoberg, Mats"]
[Result "1-0"]
[WhiteElo "2580"]
[BlackElo "2460"]
[EventDate "1994.06.??"]
[PlyCount "65"]

1.d4 Nf6 2.c4 e6 3.Nf3 Bb4+ 4.Nbd2 b6 5.a3 Bxd2+ 6.Qxd2 Bb7 7.e3 d6 8.Be2 
Nbd7 9.O-O O-O 10.b4 Qe7 11.Bb2 c5 12.dxc5 dxc5 13.Rfd1 Rfd8 14.Qc3 Qf8 
15.b5 h6 16.a4 a5 17.Bd3 Rac8 18.Qc2 Qe7 19.Rd2 Ne8 20.Rad1 Bxf3 21.gxf3 
Qg5+ 22.Kh1 Ndf6 23.Be2 Rxd2 24.Qxd2 e5 25.Rg1 Qf5 26.e4 Qh5 27.Rg2 Rc7 
28.f4 Nxe4 29.Qe3 Qf5 30.Bd3 N8f6 31.f3 Qh3 32.Bxe4 Rd7 33.Bc2 1-0

[Event "2nd Sigeman Wernbro & Co"]
[Site "Malmo SWE"]
[Date "1994.06.??"]
[Round "8"]
[White "Ahlander, Bjorn"]
[Black "Krasenkov, Mikhail"]
[Result "0-1"]
[WhiteElo "2415"]
[BlackElo "2565"]
[EventDate "1994.06.??"]
[PlyCount "100"]

1.d4 g6 2.c4 Bg7 3.Nc3 d6 4.Nf3 Bg4 5.e4 Nc6 6.d5 Nd4 7.Be3 e5 8.dxe6 Nxe6
9.Be2 Bxf3 10.gxf3 Ne7 11.h4 Nc6 12.h5 g5 13.h6 Bxc3+ 14.bxc3 Qf6 15.Kd2 
Ne5 16.Rb1 b6 17.Kc2 Rg8 18.a4 a5 19.Rb5 Rg6 20.Rd5 Rd8 21.Bd4 c6 22.Bxe5 
dxe5 23.Rxd8+ Qxd8 24.Qc1 Nc5 25.Rd1 Qc7 26.Bf1 f6 27.Bh3 Rxh6 28.Bf5 Rh4 
29.Rd2 Nxa4 30.Rd7 Qxd7 31.Bxd7+ Kxd7 32.Qg1 Nc5 33.Kb2 h5 34.Kc2 Kc7 35.
Qg2 a4 36.Qg1 Rf4 37.Qh1 g4 38.Qxh5 Rxf3 39.Qf7+ Nd7 40.c5 Rxf2+ 41.Kd3 
bxc5 42.Qg8 Rf3+ 43.Kc4 Nb6+ 44.Kxc5 Rxc3+ 45.Kb4 Rb3+ 46.Ka5 Rb5+ 47.Ka6 
Nd7 48.Qg7 g3 49.Qf7 g2 50.Qg7 g1=R 0-1

[Event "2nd Sigeman Wernbro & Co"]
[Site "Malmo SWE"]
[Date "1994.06.??"]
[Round "8"]
[White "Epishin, Vladimir"]
[Black "Brynell, Stellan"]
[Result "1-0"]
[WhiteElo "2675"]
[BlackElo "2485"]
[EventDate "1994.06.??"]
[PlyCount "69"]

1.d4 e6 2.c4 Nf6 3.Nf3 b6 4.g3 Bb7 5.Bg2 Be7 6.Nc3 O-O 7.d5 Bb4 8.O-O Na6 
9.Ne5 Bxc3 10.bxc3 Nc5 11.Ba3 Rb8 12.Bxc5 bxc5 13.Rb1 exd5 14.cxd5 Re8 15.
Nc4 Ba6 16.Qa4 Bxc4 17.Qxc4 d6 18.a4 Qc8 19.a5 Kf8 20.Qd3 Qg4 21.e4 Qd7 
22.Qc4 Qc8 23.h3 h5 24.f4 Kg8 25.Kh2 Qd7 26.Rxb8 Rxb8 27.e5 Nh7 28.Qe2 Rb3
29.c4 h4 30.gxh4 Qe7 31.h5 Nf8 32.h6 gxh6 33.Qc2 Re3 34.Qf2 Rc3 35.Qb2 1-0

[Event "2nd Sigeman Wernbro & Co"]
[Site "Malmo SWE"]
[Date "1994.06.??"]
[Round "9"]
[White "Almasi, Zoltan"]
[Black "Epishin, Vladimir"]
[Result "1/2-1/2"]
[WhiteElo "2610"]
[BlackElo "2675"]
[EventDate "1994.06.??"]
[PlyCount "23"]

1.e4 c6 2.d4 d5 3.Nc3 dxe4 4.Nxe4 Nd7 5.Nf3 Ngf6 6.Nxf6+ Nxf6 7.c3 Bg4 8.
h3 Bxf3 9.Qxf3 Nd5 10.Be2 g6 11.O-O Bg7 12.Re1 1/2-1/2

[Event "2nd Sigeman Wernbro & Co"]
[Site "Malmo SWE"]
[Date "1994.06.??"]
[Round "9"]
[White "Brynell, Stellan"]
[Black "Ahlander, Bjorn"]
[Result "1/2-1/2"]
[WhiteElo "2485"]
[BlackElo "2415"]
[EventDate "1994.06.??"]
[PlyCount "85"]

1.e4 c5 2.Nf3 e6 3.c3 d5 4.exd5 Qxd5 5.d4 Nf6 6.Be2 Nc6 7.O-O cxd4 8.Nxd4 
Bd7 9.Bf3 Qa5 10.Re1 Be7 11.Bf4 O-O 12.Nxc6 Bxc6 13.Bxc6 bxc6 14.Nd2 Rfd8 
15.Qc2 Qh5 16.h3 Nd5 17.Bg3 Bg5 18.Re5 Qh6 19.Nf3 Bf4 20.Bxf4 Nxf4 21.Re3 
Rd5 22.c4 Rh5 23.Rd1 c5 24.Rd7 Rf8 25.Qe4 g5 26.Nh2 Qg7 27.Qe5 Qg6 28.Nf1 
Qc2 29.Ng3 f6 30.Qc3 Qxc3 31.Rxc3 Rh4 32.Ra3 g4 33.hxg4 Rxg4 34.Raxa7 h5 
35.Rh7 Ra8 36.Ne4 Ne2+ 37.Kf1 Rxe4 38.Rhg7+ Kh8 39.Rh7+ Kg8 40.Rag7+ Kf8 
41.Rf7+ Kg8 42.Rhg7+ Kh8 43.Rh7+ 1/2-1/2

[Event "2nd Sigeman Wernbro & Co"]
[Site "Malmo SWE"]
[Date "1994.06.??"]
[Round "9"]
[White "Hansen, Curt"]
[Black "Hellers, Ferdinand"]
[Result "1/2-1/2"]
[WhiteElo "2580"]
[BlackElo "2560"]
[EventDate "1994.06.??"]
[PlyCount "20"]

1.c4 c5 2.Nc3 Nc6 3.g3 g6 4.Bg2 Bg7 5.e3 e5 6.Nge2 Nge7 7.O-O O-O 8.b3 d6 
9.Bb2 Be6 10.Nd5 Rb8 1/2-1/2

[Event "2nd Sigeman Wernbro & Co"]
[Site "Malmo SWE"]
[Date "1994.06.??"]
[Round "9"]
[White "Sjoberg, Mats"]
[Black "Hellsten, Johan"]
[Result "0-1"]
[WhiteElo "2460"]
[BlackElo "2325"]
[EventDate "1994.06.??"]
[PlyCount "68"]

1.d4 d5 2.c4 c6 3.Nf3 Nf6 4.e3 Bg4 5.Nc3 e6 6.Qb3 Qb6 7.Ne5 Bf5 8.c5 Qc7 
9.Be2 h6 10.f3 Bh7 11.e4 Nbd7 12.exd5 exd5 13.Bf4 Nh5 14.Be3 Nxe5 15.dxe5 
O-O-O 16.Qa4 d4 17.Bxd4 Nf4 18.O-O Kb8 19.Be3 Ne6 20.f4 Bxc5 21.Bxc5 Nxc5 
22.Qb4 Ne6 23.Rad1 a5 24.Qc4 b5 25.Qb3 Nc5 26.Nxb5 Qb6 27.Qxf7 Ne4+ 28.Kh1
Rxd1 29.Bxd1 Qxb5 30.Re1 Nf2+ 31.Kg1 Qb6 32.Qb3 Qxb3 33.axb3 Nd3 34.Rf1 
Kc7 0-1